Movies Quiz

Random Movies or Actress Quiz

BLT Actors & Actresses Quiz Stats

 Plays Quiz not verified by Sporcle

Score 0/30 Timer 05:00
0 Plays Today
% Correct
Jim Carrey
95.3%
Matt Damon
93.7%
Michael J. Fox
93.7%
Angelina Jolie
93.6%
Reese Witherspoon
92.6%
Natalie Portman
92.2%
Eddie Murphy
92%
Sandra Bullock
89.6%
Melissa McCarthy
89.5%
Jeff Bridges
89.1%
Adam Sandler
88.8%
Susan Sarandon
88.5%
Will Ferrell
87.8%
Russell Crowe
87.4%
Daniel Day-Lewis
87.2%
% Correct
Tom Hanks
85.7%
Johnny Depp
85.6%
Ben Affleck
85.4%
Jack Nicholson
85%
Keanu Reeves
84.8%
John Travolta
84.7%
Bill Murray
80.7%
George Clooney
80.7%
Gary Oldman
79.3%
Matthew McConaughey
77.9%
Nicolas Cage
77.3%
Michael Douglas
77.3%
Jodie Foster
76.8%
Nicole Kidman
68.8%
Michelle Pfeiffer
66.2%

You're not logged in!

Compare scores with friends on all Sporcle quizzes.
OR
Log In

Show Comments

Extras

Top Quizzes Today


Score Distribution

Your Account Isn't Verified!

In order to create a playlist on Sporcle, you need to verify the email address you used during registration. Go to your Sporcle Settings to finish the process.

Report this User

Report this user for behavior that violates our Community Guidelines.

Details: